| 000 | 00667nam a2200193 a 4500 | ||
|---|---|---|---|
| 001 | 84545 | ||
| 003 | BD-RjUL | ||
| 005 | 20241219154310.0 | ||
| 008 | 241219s1947 pk ||||| |||| 00| 0 urd d | ||
| 035 | _a(BD-RjUL) 84545 | ||
| 040 |
_aBD-RjUL _beng _cBD-RjUL |
||
| 041 | _aurd | ||
| 082 |
_223 _a954.91092 _bJIG 1947 |
||
| 245 |
_aگلبانگ حىات / Gulbāng-i ḥayāt / _bخاتون پاکستان محترمہ مس فاطمہ جناح کی تقاریر کا مجموعہ ;; khaton pakistan mahtarmah mas fatmah janah |
||
| 260 |
_aLahore : _bFiroz Sons , _c1947 |
||
| 300 |
_a377 p. ; _c22 cm |
||
| 600 |
_a مس فاطمہ جناح _914702 |
||
| 942 |
_2ddc _cBK |
||
| 999 |
_c84545 _d84545 |
||